000 00281nam a2200097Ia 4500
008 220204s9999 xx 000 0 und d
082 _a581.1(031)
_bENC.13B
245 0 _aEncyclopedia of plant physiology. V 13B. Plant carbohydrate II
260 _aBerlin
_bSpringer
_c1981
942 _cBK
999 _c36954
_d36954